[Event "4th ch-Asia"]
[Site "Doha QAT"]
[Date "2003.02.27"]
[Round "6"]
[White "Kotsur, P."]
[Black "Kakageldyev, A."]
[Result "1-0"]
[WhiteElo "2586"]
[BlackElo "2469"]
[PlyCount "51"]
[EventDate "2003.02.22"]
[SourceDate "2003.03.03"]

1. e4 g6 2. d4 Bg7 3. Nc3 d6 4. f4 Nf6 5. Nf3 O-O 6. Be3 Na6 7. e5 Ng4 8. Bg1
c5 9. h3 cxd4 10. Qxd4 Nh6 11. O-O-O Be6 12. g4 Rc8 13. Qxa7 Rxc3 14. bxc3 Qa5
15. Bxa6 bxa6 16. Bd4 Bd5 17. Rhf1 dxe5 18. Nxe5 Qxa2 19. Rfe1 Ra8 20. Qb6 Qa3+
21. Kd2 Qa4 22. Ra1 Qe8 23. Rxa6 Rc8 24. Ra7 Rd8 25. Qc7 f6 26. Nxg6 1-0

[Event "4th ch-Asia"]
[Site "Doha QAT"]
[Date "2003.02.27"]
[Round "6"]
[White "Ganguly, S."]
[Black "Kayumov, S."]
[Result "1/2-1/2"]
[WhiteElo "2556"]
[BlackElo "2479"]
[PlyCount "171"]
[EventDate "2003.02.22"]
[SourceDate "2003.03.03"]

1. e4 e5 2. Nf3 Nc6 3. Bb5 a6 4. Ba4 Nf6 5. O-O Be7 6. Re1 b5 7. Bb3 d6 8. c3
O-O 9. h3 Nb8 10. d4 Nbd7 11. Nbd2 Bb7 12. Bc2 Re8 13. Nf1 Bf8 14. Ng3 g6 15.
a4 c5 16. d5 c4 17. Bg5 h6 18. Be3 Nc5 19. Qd2 h5 20. Bg5 Be7 21. Ra3 Nfd7 22.
Be3 Bf6 23. Rea1 Rb8 24. Ne2 bxa4 25. Ng3 h4 26. Nf1 a5 27. Bxc5 Nxc5 28. Bxa4
Re7 29. Bc2 a4 30. Qe2 Ba6 31. Bxa4 Reb7 32. Bc2 Rb6 33. Ne3 Bg5 34. Nxg5 Qxg5
35. R1a2 Qf4 36. Rxa6 Rxa6 37. Rxa6 Nxa6 38. Qxc4 Rxb2 39. Qxa6 Rxc2 40. Nxc2
Qc1+ 41. Qf1 Qxc2 42. Qe1 Kg7 43. Qe3 Qd1+ 44. Kh2 Qf1 45. Qf3 Qc1 46. Qe3 Qf1
47. Qd2 Kf6 48. Qc2 Qc4 49. Kg1 Kg7 50. f3 g5 51. Qc1 Qc5+ 52. Kh2 Kg6 53. c4
Kf6 54. Qc2 Kg7 55. g3 hxg3+ 56. Kxg3 Qg1+ 57. Qg2 Qc1 58. Kh2 Qf4+ 59. Kh1 Kf6
60. Kg1 Qe3+ 61. Qf2 Qc1+ 62. Qf1 Qe3+ 63. Kg2 Qd2+ 64. Qf2 Qc1 65. Qe2 Kg6 66.
Qa2 Kf6 67. Kg3 Qf4+ 68. Kg2 Qc1 69. Qe2 Kg6 70. Kf2 Kf6 71. Qe3 Qxc4 72. Qb6
Qd4+ 73. Qxd4 exd4 74. f4 gxf4 75. h4 d3 76. h5 Kg5 77. e5 Kg4 78. exd6 f3 79.
d7 d2 80. d8=Q d1=Q 81. Qd7+ f5 82. Qg7+ Kxh5 83. Qe5 Kg5 84. d6 Qd2+ 85. Kxf3
Qd3+ 86. Qe3+ 1/2-1/2

[Event "4th ch-Asia"]
[Site "Doha QAT"]
[Date "2003.02.27"]
[Round "6"]
[White "Al Sayed, Mohamad"]
[Black "Barua, D."]
[Result "0-1"]
[WhiteElo "2431"]
[BlackElo "2541"]
[PlyCount "90"]
[EventDate "2003.02.22"]
[SourceDate "2003.03.03"]

1. e4 e6 2. d4 d5 3. Nc3 Nf6 4. e5 Nfd7 5. f4 c5 6. Nf3 Qb6 7. Be3 a6 8. a3 Nc6
9. Na4 Qa5+ 10. c3 c4 11. Be2 Qc7 12. b4 cxb3 13. Qxb3 Na5 14. Qc2 Nc4 15. Bxc4
dxc4 16. Nb2 b5 17. f5 exf5 18. Qxf5 Nb6 19. Qh5 Nd5 20. Bd2 h6 21. O-O Be7 22.
Nh4 g6 23. Nxg6 fxg6 24. Qxg6+ Kd8 25. Rae1 Bb7 26. Rf7 Qc6 27. Qg7 Qe8 28. e6
Rg8 29. Qxh6 Qc6 30. Rg7 Kc7 31. Nd1 Raf8 32. Qg6 Qe8 33. Qg3+ Kc8 34. Re2 Rxg7
35. Qxg7 Qh5 36. Re1 Qf5 37. Qe5 Qc2 38. Qe2 Rg8 39. g3 Bc6 40. Rf1 Nf6 41. Ne3
Qe4 42. Qg2 Qxg2+ 43. Nxg2 Ne4 44. Be1 Ng5 45. Kf2 Nh3+ 0-1

[Event "4th ch-Asia"]
[Site "Doha QAT"]
[Date "2003.02.27"]
[Round "6"]
[White "Barsov, A."]
[Black "Bakre, T."]
[Result "1/2-1/2"]
[WhiteElo "2525"]
[BlackElo "2464"]
[PlyCount "85"]
[EventDate "2003.02.22"]
[SourceDate "2003.03.03"]

1. d4 Nf6 2. c4 e6 3. Nf3 b6 4. Nc3 Bb4 5. Bg5 Bb7 6. e3 c5 7. Bd3 h6 8. Bh4
cxd4 9. exd4 Be7 10. O-O O-O 11. Re1 d5 12. Bxf6 Bxf6 13. cxd5 exd5 14. Ne5 Nc6
15. Bc2 g6 16. a3 Bg7 17. f4 Ne7 18. Qf3 a6 19. Rad1 b5 20. f5 Nxf5 21. Bxf5
gxf5 22. Qxf5 Bc8 23. Qf3 Be6 24. Ne2 Qg5 25. Nf4 Rac8 26. Nxd5 Rc2 27. b4 h5
28. Nf4 Bh6 29. Nxh5 f6 30. h4 Qf5 31. Qxf5 Bxf5 32. Nf3 Kf7 33. Ng3 Bg4 34.
Re2 Rc3 35. Rf1 Bf4 36. Re4 Be3+ 37. Kh2 f5 38. Ne5+ Kg8 39. Ng6 fxe4 40. Rxf8+
Kg7 41. h5 Bxh5 42. Nxh5+ Kxg6 43. Nf4+ 1/2-1/2

[Event "4th ch-Asia"]
[Site "Doha QAT"]
[Date "2003.02.27"]
[Round "6"]
[White "Sundararajan, K."]
[Black "Paragua, M."]
[Result "1/2-1/2"]
[WhiteElo "2416"]
[BlackElo "2506"]
[PlyCount "97"]
[EventDate "2003.02.22"]
[SourceDate "2003.03.03"]

1. d4 Nf6 2. Nf3 g6 3. Bg5 Bg7 4. Nbd2 O-O 5. c3 d6 6. e4 c5 7. dxc5 dxc5 8.
Bc4 Nc6 9. O-O Qc7 10. Qe2 h6 11. Bxf6 exf6 12. Nh4 g5 13. Nf5 Bxf5 14. exf5
Qf4 15. Ne4 Rae8 16. Rae1 Qxf5 17. f4 gxf4 18. Qf2 Re5 19. Nd6 Qg6 20. Qxf4
Rxe1 21. Rxe1 Ne5 22. Bf1 Rd8 23. Nf5 Qg5 24. Qe4 h5 25. Re3 Qg4 26. Qc2 h4 27.
Qf2 Qg5 28. h3 Rd2 29. Re2 Nd3 30. Qf3 Rxe2 31. Qxe2 Nf4 32. Qg4 Ng6 33. Qf3
Bf8 34. Qg4 Ne5 35. Qxg5+ fxg5 36. Kf2 Kh7 37. Ke3 Kg6 38. Ke4 Kf6 39. Be2 a6
40. c4 Nc6 41. a3 Ne5 42. Ne3 Ke6 43. Bg4+ Nxg4 44. hxg4 Bg7 45. b3 Bb2 46. a4
Bc1 47. Nd5 Bd2 48. Kd3 Be1 49. Ke4 1/2-1/2

[Event "4th ch-Asia"]
[Site "Doha QAT"]
[Date "2003.02.27"]
[Round "6"]
[White "Neelotpal, D."]
[Black "Villamayor, B."]
[Result "1-0"]
[WhiteElo "2406"]
[BlackElo "2489"]
[PlyCount "93"]
[EventDate "2003.02.22"]
[SourceDate "2003.03.03"]

1. e4 e6 2. d4 d5 3. Nc3 Bb4 4. e5 c5 5. a3 Bxc3+ 6. bxc3 Qc7 7. Qg4 f5 8. Qg3
cxd4 9. cxd4 Ne7 10. Bd2 O-O 11. Bd3 b6 12. Ne2 Ba6 13. Nf4 Qd7 14. h4 Bxd3 15.
Qxd3 Nbc6 16. Rh3 Rf7 17. Rg3 Rc8 18. Kf1 Nd8 19. Kg1 Qa4 20. c3 Qc4 21. Qf3
Qb3 22. Nh5 Ng6 23. Nf6+ gxf6 24. h5 fxe5 25. hxg6 hxg6 26. Rxg6+ Kf8 27. Qh5
f4 28. Qxe5 Qc2 29. Qd6+ Re7 30. Qxf4+ Ke8 31. Rg8+ Kd7 32. c4 Qf5 33. Qxf5
exf5 34. cxd5 Nb7 35. Rxc8 Kxc8 36. Rc1+ Kd7 37. Bf4 Nd6 38. Be5 b5 39. f4 Nc4
40. a4 a6 41. axb5 axb5 42. Rb1 Ke8 43. Rxb5 Ra7 44. d6 Kd7 45. Rc5 Ra1+ 46.
Kh2 Ne3 47. Rc7+ 1-0

[Event "4th ch-Asia"]
[Site "Doha QAT"]
[Date "2003.02.27"]
[Round "6"]
[White "Hossain, Enam"]
[Black "Al Zendani, Z."]
[Result "1-0"]
[WhiteElo "2451"]
[BlackElo "2313"]
[PlyCount "109"]
[EventDate "2003.02.22"]
[SourceDate "2003.03.03"]

1. e4 c5 2. Nf3 d6 3. d4 cxd4 4. Nxd4 Nf6 5. Nc3 Nc6 6. Bg5 e6 7. Qd2 a6 8.
O-O-O Bd7 9. f4 Be7 10. Nf3 b5 11. e5 b4 12. exf6 bxc3 13. Qxc3 gxf6 14. Bh4
Rc8 15. Bxa6 Rb8 16. Bc4 Na5 17. Be1 Nxc4 18. Qxc4 d5 19. Qd4 Ra8 20. a3 Ra4
21. Bb4 Bxb4 22. axb4 Qe7 23. c3 O-O 24. Ne1 Ra1+ 25. Kd2 Rxd1+ 26. Kxd1 Ba4+
27. Kd2 Rc8 28. Nd3 Rc4 29. Qb6 Qe8 30. Ra1 d4 31. Qa6 Bb5 32. Qb7 dxc3+ 33.
bxc3 Rc8 34. Nc5 Bc6 35. Qa6 Ra8 36. Qf1 Qd8+ 37. Ke3 Rxa1 38. Qxa1 Qd5 39. Qe1
e5 40. Qg3+ Kf8 41. fxe5 fxe5 42. Qg4 Ke7 43. Qh4+ Ke8 44. Qxh7 Qxg2 45. Qh8+
Ke7 46. Qxe5+ Kd8 47. Qd6+ Ke8 48. Qb8+ Ke7 49. Qe5+ Kd8 50. Qg3 Qd5 51. Qh4+
Kc8 52. Qg4+ f5 53. Qf4 Qf7 54. Qd6 Bd5 55. Kd4 1-0

[Event "4th ch-Asia"]
[Site "Doha QAT"]
[Date "2003.02.27"]
[Round "6"]
[White "Sharavdorj, D."]
[Black "Jasim, A."]
[Result "0-1"]
[WhiteElo "2438"]
[BlackElo "2278"]
[PlyCount "138"]
[EventDate "2003.02.22"]
[SourceDate "2003.03.03"]

1. d4 g6 2. c4 Bg7 3. Nf3 d6 4. e4 e5 5. Be2 Nc6 6. d5 Nce7 7. Nc3 Nh6 8. O-O
O-O 9. c5 f6 10. b4 Nf7 11. a4 f5 12. Nd2 Kh8 13. Ba3 Ng8 14. c6 b6 15. a5 bxa5
16. b5 Qh4 17. Qa4 Nf6 18. Nf3 Qh6 19. exf5 gxf5 20. Qh4 Qg6 21. Qg3 Qh6 22.
Qh4 Qg6 23. Qg3 Qh6 24. Qh3 Qg6 25. Nh4 Qh6 26. f4 exf4 27. Nf3 Qxh3 28. gxh3
Ne4 29. Na4 Bxa1 30. Rxa1 h6 31. Bb2+ Kh7 32. h4 Re8 33. Bd4 Ne5 34. Ra2 Rg8+
35. Kf1 Ng4 36. Ra3 Re8 37. Ke1 Ngf6 38. Nc3 Nxc3 39. Bxc3 Nxd5 40. Bxa5 Be6
41. Kf2 Nb6 42. Nd4 Nc4 43. Bxc4 Bxc4 44. Bxc7 Re4 45. Bb6 a6 46. c7 Ree8 47.
Nc6 Bxb5 48. Nd8 Kg7 49. Rc3 Rc8 50. Rc1 Kf8 51. Rg1 Re7 52. Rd1 Re2+ 53. Kf3
Ke7 54. Rd5 Rb2 55. Ba5 Rc2 56. Rxf5 R8xc7 57. Bxc7 Rxc7 58. Nf7 Ke6 59. Nxh6
Rh7 60. Rh5 Be8 61. Ra5 Rxh6 62. Kg4 Bb5 63. Ra2 Ke5 64. Kg5 Rh8 65. h5 Rg8+
66. Kh4 f3 67. h6 Kf4 68. Kh5 Be8+ 69. Kh4 Rh8 0-1

[Event "4th ch-Asia"]
[Site "Doha QAT"]
[Date "2003.02.27"]
[Round "6"]
[White "Issa, R."]
[Black "Wu Shaobin"]
[Result "0-1"]
[WhiteElo "2331"]
[BlackElo "2545"]
[PlyCount "166"]
[EventDate "2003.02.22"]
[SourceDate "2003.03.03"]

1. e4 c5 2. Nf3 d6 3. d4 cxd4 4. Nxd4 Nf6 5. Nc3 a6 6. Bg5 e6 7. f4 Qc7 8. Qf3
Nc6 9. O-O-O Bd7 10. Nb3 Be7 11. Bd3 h6 12. Bh4 Nxe4 13. Nxe4 Bxh4 14. Qg4 Bf6
15. Nxf6+ gxf6 16. Qh4 Qd8 17. f5 Qe7 18. fxe6 fxe6 19. Bg6+ Kd8 20. Nd4 Kc7
21. Rhe1 Rag8 22. Bf5 Ne5 23. Bh3 Kb8 24. Re3 Rg5 25. Nf3 Nxf3 26. gxf3 Rc5 27.
Rde1 Qh7 28. c3 f5 29. Rg1 Rg8 30. Ree1 Rcc8 31. Qb4 d5 32. f4 Ka8 33. Qd6 Qf7
34. Bg2 Bb5 35. Bf3 Rc6 36. Qe5 Bd3 37. Bh5 Qf8 38. Qd4 Be4 39. Rxg8 Qxg8 40.
Rg1 Qb8 41. Kd1 Rc8 42. Qe5 Qa7 43. Rg6 Qe3 44. Be2 d4 45. Rg3 Qf2 46. Qxd4
Qxf4 47. Qd7 Qb8 48. Qxe6 f4 49. Rg7 Rd8+ 50. Ke1 Bc6 51. Bc4 f3 52. Rg8 Ka7
53. Qe3+ Ka8 54. Rxd8 Qxd8 55. Qxh6 Qe7+ 56. Kf1 Qc7 57. Qh8+ Ka7 58. Kf2 b6
59. Bd3 Bb7 60. a4 Qf4 61. Qd4 Qxh2+ 62. Ke1 Qxb2 63. Kf1 a5 64. Ke1 Qc1+ 65.
Kf2 Qd2+ 66. Kg3 Qg2+ 67. Kf4 Qd2+ 68. Kg3 Qe1+ 69. Kf4 Qh4+ 70. Ke3 Qg3 71.
Kd2 Qg2+ 72. Ke1 Qb2 73. Bb5 Qc1+ 74. Kf2 Qc2+ 75. Kf1 Qg2+ 76. Ke1 Qc2 77. Kf1
Qg6 78. Kf2 Qg5 79. Qe3 Qxe3+ 80. Kxe3 Kb8 81. Be8 Kc7 82. Bb5 Kd6 83. Kd4 Bc6
0-1

[Event "4th ch-Asia"]
[Site "Doha QAT"]
[Date "2003.02.27"]
[Round "6"]
[White "Aliev, K."]
[Black "Kostenko, P."]
[Result "0-1"]
[WhiteElo "2317"]
[BlackElo "2497"]
[PlyCount "114"]
[EventDate "2003.02.22"]
[SourceDate "2003.03.03"]

1. d4 c5 2. e3 Nf6 3. Nf3 g6 4. Be2 Bg7 5. O-O O-O 6. c4 cxd4 7. exd4 d5 8. Nc3
Nc6 9. c5 Ne4 10. Bf4 Bg4 11. Rc1 Nxc3 12. bxc3 b6 13. h3 Bc8 14. Bb5 Bb7 15.
Qa4 Qc8 16. Qa3 e6 17. Rfd1 Rd8 18. cxb6 axb6 19. Qb2 Na5 20. a4 Ba6 21. Nd2
Qb7 22. Rb1 Rdc8 23. Rdc1 Qe7 24. Rc2 Qd8 25. Rcc1 Nb7 26. Qb3 Nd6 27. Bf1 Bxf1
28. Kxf1 Rc6 29. Rc2 Rac8 30. Rbc1 Nf5 31. Nf3 Nd6 32. Nd2 h6 33. Ke2 g5 34.
Bxd6 Qxd6 35. Nf3 Qf4 36. Qb5 Bf6 37. Qd3 Rc4 38. Ra1 Qc7 39. Kd2 Kg7 40. g3
Qa7 41. Ng1 Qa5 42. Ne2 b5 43. Rca2 b4 44. Rc2 bxc3+ 45. Ke3 Rxa4 46. Rxa4 Qxa4
47. Rxc3 Rxc3 48. Qxc3 Qd1 49. g4 h5 50. gxh5 Qf1 51. Ng3 Qxh3 52. Kf3 Qh4 53.
Qc7 Bxd4 54. Kg2 Qf4 55. Qxf4 gxf4 56. Ne2 Be5 57. Kf3 Kh6 0-1

[Event "4th ch-Asia"]
[Site "Doha QAT"]
[Date "2003.02.27"]
[Round "6"]
[White "Sadykov, R."]
[Black "De Silva, N."]
[Result "1-0"]
[WhiteElo "2412"]
[BlackElo "2243"]
[PlyCount "59"]
[EventDate "2003.02.22"]
[SourceDate "2003.03.03"]

1. e4 c5 2. Nf3 Nc6 3. d4 cxd4 4. Nxd4 Nf6 5. Nc3 e5 6. Ndb5 d6 7. Bg5 a6 8.
Na3 b5 9. Bxf6 gxf6 10. Nd5 f5 11. c3 Be6 12. exf5 Bxf5 13. Qf3 Bd7 14. Nf6+
Ke7 15. Bd3 Bg7 16. Nxd7 Qxd7 17. Be4 Rac8 18. Bf5 Qc7 19. Bxc8 Rxc8 20. O-O
Nd8 21. Nc2 Qc6 22. Qxc6 Rxc6 23. Nb4 Rc4 24. Nxa6 Ne6 25. Nb4 f5 26. Rfd1 Rg4
27. Nd5+ Kd7 28. a4 b4 29. a5 bxc3 30. bxc3 1-0

[Event "4th ch-Asia"]
[Site "Doha QAT"]
[Date "2003.02.27"]
[Round "6"]
[White "Kadhi, H."]
[Black "Al Marri, O."]
[Result "1-0"]
[WhiteElo "2334"]
[BlackElo "2098"]
[PlyCount "91"]
[EventDate "2003.02.22"]
[SourceDate "2003.03.03"]

1. e4 e5 2. Nf3 Nc6 3. Bb5 a6 4. Ba4 Nf6 5. d3 d6 6. c4 g6 7. O-O Bg7 8. h3 O-O
9. Nc3 Nd7 10. Nd5 Nc5 11. Be3 Ne6 12. Bxc6 bxc6 13. Nc3 f5 14. Ne2 f4 15. Bd2
g5 16. Nh2 h5 17. g4 Qe8 18. f3 Qg6 19. Kg2 Kf7 20. Rh1 Rh8 21. Be1 Rb8 22. Rb1
Bd7 23. Bf2 c5 24. gxh5 Rxh5 25. Ng4 Nf8 26. Qd2 Ne6 27. Qa5 Rhh8 28. b4 cxb4
29. Rxb4 Rxb4 30. Qxb4 Bc6 31. Qa5 Ra8 32. Rb1 Qh7 33. Nc3 Qg8 34. Nd5 Qc8 35.
Rb3 Bd7 36. c5 Bf8 37. cxd6 Bxd6 38. Ndf6 c5 39. Nd5 Ra7 40. Nh6+ Kf8 41. Nf5
Bc7 42. Bxc5+ Kf7 43. Bxa7 Bxa5 44. Nd6+ Kf8 45. Nxc8 Bxc8 46. Rb8 1-0

[Event "4th ch-Asia"]
[Site "Doha QAT"]
[Date "2003.02.27"]
[Round "6"]
[White "Al Tamimi, H."]
[Black "Saleh, Nab"]
[Result "1/2-1/2"]
[WhiteElo "2182"]
[BlackElo "2324"]
[PlyCount "70"]
[EventDate "2003.02.22"]
[SourceDate "2003.03.03"]

1. e4 c6 2. d4 d5 3. Nc3 dxe4 4. Nxe4 Bf5 5. Ng3 Bg6 6. h4 h6 7. Nf3 Nd7 8. h5
Bh7 9. Bd3 Bxd3 10. Qxd3 e6 11. Bd2 Ngf6 12. O-O-O Be7 13. Ne4 O-O 14. Kb1 c5
15. Nxf6+ Nxf6 16. Be3 Nd5 17. dxc5 Qc7 18. g4 Nxe3 19. Qxe3 Rfd8 20. Nd2 Bg5
21. Qe2 Qxc5 22. Ne4 Qe5 23. Nc3 Qf4 24. f3 Rac8 25. Rxd8+ Rxd8 26. Rd1 Rxd1+
27. Qxd1 Qe3 28. Ne4 Bf4 29. a3 Qb6 30. Qd7 Be5 31. Qe8+ Kh7 32. c3 Qa6 33.
Qxf7 Qd3+ 34. Ka2 Qc4+ 35. Kb1 Qd3+ 1/2-1/2

[Event "4th ch-Asia"]
[Site "Doha QAT"]
[Date "2003.02.27"]
[Round "6"]
[White "Nezad, H."]
[Black "Janahi, Z."]
[Result "0-1"]
[WhiteElo "2334"]
[BlackElo "2245"]
[PlyCount "140"]
[EventDate "2003.02.22"]
[SourceDate "2003.03.03"]

1. e4 c5 2. Nf3 e6 3. c3 d5 4. exd5 Qxd5 5. d4 Nf6 6. Be3 cxd4 7. cxd4 Bb4+ 8.
Nc3 Qa5 9. Bd2 Qb6 10. Bd3 Nc6 11. O-O O-O 12. Be3 Qa5 13. Qc2 Bd7 14. a3 Bd6
15. Nb5 Be7 16. b4 Qd8 17. Nc3 Rc8 18. Qb3 h6 19. Rac1 Bd6 20. Bb1 Ne7 21. Ne5
Ned5 22. Nxd5 exd5 23. Rxc8 Qxc8 24. Rc1 Qd8 25. Qd3 Re8 26. Bf4 Be6 27. Bg3
Qb6 28. f3 Rc8 29. Re1 Qc7 30. Qe3 Qc3 31. Bd3 Bf8 32. Ng6 fxg6 33. Qxe6+ Kh7
34. Qe3 a5 35. Be5 axb4 36. axb4 Bxb4 37. Rb1 Nd7 38. Bf4 Nc5 39. Bf1 Nd7 40.
Qe6 Qxd4+ 41. Be3 Qxe3+ 42. Qxe3 Bc5 43. Kf2 Bxe3+ 44. Kxe3 b6 45. Kd4 Rc5 46.
Bd3 Ra5 47. Bb5 Nf6 48. Rb2 Ra8 49. Bd3 Rb8 50. g4 Rb7 51. h4 Rb8 52. Rb5 Rb7
53. h5 Kg8 54. Bxg6 Kf8 55. Bf5 Ke7 56. Ke5 Rb8 57. f4 Rb7 58. Be6 d4 59. Bf5
d3 60. Bxd3 Nxg4+ 61. Kf5 Nf6 62. Kg6 Kf8 63. Bf5 Rb8 64. Be6 Rb7 65. Bh3 Ne8
66. Bg2 Rf7 67. f5 Rf6+ 68. Kh7 Rd6 69. Rb2 Kf7 70. Bd5+ Rxd5 0-1

[Event "4th ch-Asia"]
[Site "Doha QAT"]
[Date "2003.02.27"]
[Round "6"]
[White "Ahmed, SN."]
[Black "Mohammadi, H."]
[Result "1-0"]
[WhiteElo "2309"]
[BlackElo "2250"]
[PlyCount "59"]
[EventDate "2003.02.22"]
[SourceDate "2003.03.03"]

1. e4 c5 2. Nf3 d6 3. g3 Nc6 4. Bg2 g6 5. d4 cxd4 6. Nxd4 Bg7 7. Ne2 Nf6 8. O-O
O-O 9. Nbc3 Ne8 10. Nd5 Nc7 11. c3 Ne6 12. Be3 Ne5 13. b3 Ng4 14. Bd2 f5 15.
exf5 gxf5 16. Nef4 Nc5 17. Nh5 Bh8 18. Bg5 Rf7 19. Qd2 Ne6 20. Rfe1 Ne5 21. Re2
Bd7 22. Rae1 Nxg5 23. Qxg5+ Kf8 24. Qh6+ Kg8 25. f4 Ng6 26. Nxe7+ Nxe7 27. Rxe7
Rxe7 28. Bd5+ Be6 29. Rxe6 Rf7 30. Rg6+ 1-0

[Event "4th ch-Asia"]
[Site "Doha QAT"]
[Date "2003.02.27"]
[Round "6"]
[White "Altanoch, G."]
[Black "Hilwani, T."]
[Result "1-0"]
[WhiteElo "2284"]
[BlackElo "2291"]
[PlyCount "129"]
[EventDate "2003.02.22"]
[SourceDate "2003.03.03"]

1. d4 Nf6 2. c4 e6 3. Nc3 Bb4 4. e3 d5 5. Nf3 O-O 6. Qc2 c5 7. dxc5 Na6 8. cxd5
exd5 9. Be2 Nxc5 10. O-O Nce4 11. Nb5 Bf5 12. Qb3 Be7 13. Nbd4 Nc5 14. Qd1 Bg6
15. b3 Nce4 16. Bb2 Rc8 17. Rc1 Qa5 18. a3 Bd6 19. b4 Qd8 20. Qa4 Bb8 21. Rxc8
Qxc8 22. Rc1 Qd8 23. Qb5 Qe7 24. Ne1 Qe5 25. f4 Qe7 26. Nec2 Nd6 27. Qa4 Nc4
28. Qb3 Bxc2 29. Nxc2 Nxb2 30. Qxb2 Bxf4 31. Qd4 Bb8 32. Bf3 Rc8 33. Bxd5 Be5
34. Qd1 Nxd5 35. Qxd5 Bb2 36. Rd1 Rxc2 37. Qe4 Rxg2+ 38. Kf1 Rg1+ 39. Kxg1 Qg5+
40. Kh1 g6 41. a4 b6 42. Qf4 Qe7 43. Rd5 Kg7 44. Kg2 h5 45. Kf3 Bc3 46. b5 Bf6
47. Qe4 Qc7 48. Rd2 Be5 49. Qc6 Qe7 50. Rd7 Qf8 51. Qd5 Bxh2 52. Rxa7 Qe8 53.
Qd7 Qf8 54. Qe7 Qb8 55. Qxf7+ Kh6 56. Qg7+ Kg5 57. Qe7+ Kh6 58. Ke4 Qc8 59. Kd3
Qf5+ 60. Kc4 Qg4+ 61. e4 h4 62. Ra8 Qe2+ 63. Kd5 Qd3+ 64. Kc6 Qc4+ 65. Kb7 1-0

[Event "4th ch-Asia"]
[Site "Doha QAT"]
[Date "2003.02.28"]
[Round "7"]
[White "Safin, S."]
[Black "Adianto, U."]
[Result "0-1"]
[WhiteElo "2529"]
[BlackElo "2562"]
[PlyCount "76"]
[EventDate "2003.02.22"]
[SourceDate "2003.03.03"]

1. c4 e5 2. Nc3 Bb4 3. Nd5 Be7 4. d4 d6 5. Nf3 e4 6. Nd2 c6 7. Nxe7 Qxe7 8. Qc2
Nf6 9. Nb3 h6 10. h3 O-O 11. Bf4 Nh5 12. Bh2 e3 13. fxe3 Qh4+ 14. Kd2 Ng3 15.
Bxg3 Qxg3 16. Qe4 Nd7 17. Qf4 Qg6 18. g3 Nb6 19. Na5 Be6 20. b3 Rae8 21. Bg2
Qh5 22. Nxb7 Bxc4 23. Bf3 Qb5 24. Qxd6 Nd5 25. bxc4 Qb2+ 26. Ke1 Rxe3 27. Kf2
Rfe8 28. Rhe1 Nc3 29. Qf4 Nxe2 30. Qxe3 Rxe3 31. Kxe3 Nxd4 32. Be4 Qc3+ 33. Kf2
f5 34. Bxc6 Nxc6 35. Rab1 Nd4 36. Kg2 Qf3+ 37. Kh2 Qf2+ 38. Kh1 Nf3 0-1

[Event "4th ch-Asia"]
[Site "Doha QAT"]
[Date "2003.02.28"]
[Round "7"]
[White "Dao Thien Hai"]
[Black "Isaev, J."]
[Result "1-0"]
[WhiteElo "2560"]
[BlackElo "2438"]
[PlyCount "127"]
[EventDate "2003.02.22"]
[SourceDate "2003.03.03"]

1. d4 Nf6 2. c4 g6 3. f3 d5 4. cxd5 Nxd5 5. e4 Nb6 6. Nc3 Bg7 7. Be3 O-O 8. Qd2
Nc6 9. O-O-O e5 10. d5 Nd4 11. f4 Bg4 12. Re1 c5 13. fxe5 Bxe5 14. h3 Qh4 15.
Bd3 Rac8 16. Rf1 Bd7 17. Bh6 c4 18. Bb1 Rfe8 19. Bg5 Qg3 20. Nf3 f6 21. Nxe5
fxe5 22. Be3 Na4 23. Bxd4 exd4 24. Qxd4 Qxg2 25. Bc2 Qg5+ 26. Qd2 Qxd2+ 27.
Kxd2 Nc5 28. a4 Re5 29. Ke3 Rg5 30. h4 Rg3+ 31. Rf3 Rg2 32. Rf2 Rxf2 33. Kxf2
Bg4 34. Ke3 Rf8 35. Kd4 b6 36. Rh2 Nd7 37. e5 Rf4+ 38. Ne4 Nc5 39. e6 Bf3 40.
Ke3 Rxe4+ 41. Bxe4 Bxe4 42. Kd4 Bf5 43. Kxc4 Kf8 44. h5 Ke7 45. hxg6 Bxg6 46.
b4 Nxa4 47. Kd4 Kd6 48. Rh1 Nb2 49. Rc1 Nd3 50. Rc6+ Ke7 51. Rc7+ Kf6 52. b5 h5
53. e7 Nc5 54. Rc6+ Kxe7 55. Rxg6 Nd7 56. Rg7+ Kd6 57. Rf7 Nc5 58. Rf6+ Kc7 59.
d6+ Kd7 60. Kd5 a5 61. Rf7+ Ke8 62. Rh7 Nd7 63. Kc6 Ne5+ 64. Kc7 1-0

[Event "4th ch-Asia"]
[Site "Doha QAT"]
[Date "2003.02.28"]
[Round "7"]
[White "Barua, D."]
[Black "Neelotpal, D."]
[Result "1/2-1/2"]
[WhiteElo "2541"]
[BlackElo "2406"]
[PlyCount "91"]
[EventDate "2003.02.22"]
[SourceDate "2003.03.03"]

1. e4 e6 2. d4 d5 3. Nd2 Nf6 4. e5 Nfd7 5. Bd3 c5 6. c3 Nc6 7. Ne2 Qb6 8. Nf3
cxd4 9. cxd4 f6 10. exf6 Nxf6 11. O-O Bd6 12. Nc3 O-O 13. Be3 Bd7 14. a3 Be8
15. Ng5 Ne7 16. Qc2 Bg6 17. g3 Rfe8 18. Rfe1 Bxd3 19. Qxd3 Nc6 20. Re2 Re7 21.
Nb5 Bb8 22. Rae1 a6 23. Nc3 Ba7 24. Kg2 Rf8 25. Nf3 Qd8 26. Ne5 Qe8 27. f4 b5
28. Nxc6 Qxc6 29. Bg1 g6 30. h3 Bb8 31. Bh2 Nh5 32. Qf3 Ree8 33. Kh1 Ng7 34.
Qd3 Qc4 35. Qxc4 dxc4 36. d5 exd5 37. Nxd5 Rxe2 38. Rxe2 Ba7 39. Kg2 Bd4 40.
Rd2 Ne6 41. Nc7 Be3 42. Re2 Nxc7 43. Rxe3 Rd8 44. Re2 Rd3 45. Bg1 Nd5 46. Re5
1/2-1/2

[Event "4th ch-Asia"]
[Site "Doha QAT"]
[Date "2003.02.28"]
[Round "7"]
[White "Dzhumaev, M."]
[Black "Sadvakasov, D."]
[Result "0-1"]
[WhiteElo "2507"]
[BlackElo "2523"]
[PlyCount "76"]
[EventDate "2003.02.22"]
[SourceDate "2003.03.03"]

1. e4 c5 2. Nf3 d6 3. Bc4 Nf6 4. d3 Nc6 5. c3 g6 6. Bb3 Bg7 7. Ng5 O-O 8. f4 b5
9. Qe2 Bg4 10. Nf3 e6 11. O-O c4 12. Bc2 cxd3 13. Bxd3 b4 14. h3 Bxf3 15. Qxf3
Nd7 16. Kh1 Nc5 17. Be2 Rb8 18. Nd2 Qc7 19. f5 bxc3 20. bxc3 Ne5 21. Qg3 Rfe8
22. Qh4 exf5 23. exf5 gxf5 24. Qh5 Ng6 25. Bc4 f4 26. Ba3 Re5 27. Qf3 Re3 28.
Qd5 Bxc3 29. Rab1 Rxb1 30. Rxb1 Ne5 31. Nf3 Ne4 32. Nxe5 Bxe5 33. Kg1 Kg7 34.
Bb2 Nf6 35. Qb5 a6 36. Qb4 Bxb2 37. Rxb2 Re4 38. Rc2 d5 0-1

[Event "4th ch-Asia"]
[Site "Doha QAT"]
[Date "2003.02.28"]
[Round "7"]
[White "Bakre, T."]
[Black "Zagrebelny, S."]
[Result "1-0"]
[WhiteElo "2464"]
[BlackElo "2540"]
[PlyCount "123"]
[EventDate "2003.02.22"]
[SourceDate "2003.03.03"]

1. e4 c5 2. Nf3 d6 3. d4 cxd4 4. Nxd4 Nf6 5. Nc3 a6 6. Be3 e5 7. Nf3 Be7 8. Bc4
O-O 9. O-O Nc6 10. Qe2 Be6 11. Bb3 Na5 12. Rfd1 Nxb3 13. axb3 Qc7 14. Bg5 Rac8
15. Bxf6 Bxf6 16. Rac1 Qb6 17. Nd5 Bxd5 18. Rxd5 Rc6 19. Rcd1 Rfc8 20. Ne1 g6
21. R1d3 Be7 22. Qd2 Bf8 23. Qd1 a5 24. Qd2 Ra8 25. Rf3 a4 26. Qe2 a3 27. bxa3
Rxa3 28. Rd1 Ra2 29. Rfd3 Qb4 30. h4 Rc3 31. Rxc3 Qxc3 32. Qd3 Qxd3 33. Rxd3 f5
34. f3 Ra1 35. Kf2 f4 36. h5 Be7 37. Ke2 Bh4 38. Rd1 Rxd1 39. Kxd1 g5 40. Nd3
Kg7 41. c4 Kh6 42. c5 dxc5 43. Nxc5 b5 44. Nd7 Bf2 45. Nxe5 Kxh5 46. Ke2 Be3
47. g4+ Kh4 48. Nf7 h5 49. Nh6 hxg4 50. Nxg4 Bc5 51. e5 Kg3 52. e6 Kg2 53. Ne5
Bd6 54. Kd3 Kf2 55. Ke4 Ke2 56. Kf5 Be7 57. Kg4 Kd2 58. Nc6 Bd6 59. e7 Bxe7 60.
Nxe7 Kc3 61. Nc6 Kxb3 62. Nd4+ 1-0

[Event "4th ch-Asia"]
[Site "Doha QAT"]
[Date "2003.02.28"]
[Round "7"]
[White "Kayumov, S."]
[Black "Barsov, A."]
[Result "1/2-1/2"]
[WhiteElo "2479"]
[BlackElo "2525"]
[PlyCount "50"]
[EventDate "2003.02.22"]
[SourceDate "2003.03.03"]

1. e4 e6 2. d4 d5 3. Nc3 Bb4 4. e5 c5 5. a3 Bxc3+ 6. bxc3 Ne7 7. a4 Nbc6 8. Nf3
Qa5 9. Bd2 Bd7 10. Bb5 f6 11. exf6 gxf6 12. O-O c4 13. Nh4 O-O-O 14. Qf3 Rdf8
15. Bh6 Rf7 16. Rfe1 Nd8 17. Rab1 a6 18. Bxd7+ Kxd7 19. Ra1 Ng6 20. Nxg6 hxg6
21. Bc1 g5 22. h3 Rh4 23. Kf1 Qc7 24. Rb1 Kc8 25. Qg3 Qxg3 1/2-1/2

[Event "4th ch-Asia"]
[Site "Doha QAT"]
[Date "2003.02.28"]
[Round "7"]
[White "Jasim, A."]
[Black "Kunte, A."]
[Result "0-1"]
[WhiteElo "2278"]
[BlackElo "2507"]
[PlyCount "74"]
[EventDate "2003.02.22"]
[SourceDate "2003.03.03"]

1. Nf3 Nf6 2. g3 d5 3. Bg2 c6 4. O-O Bg4 5. c4 e6 6. d3 Nbd7 7. Nc3 Be7 8. cxd5
cxd5 9. h3 Bh5 10. e4 O-O 11. g4 dxe4 12. dxe4 Bg6 13. Qe2 Bb4 14. Nh4 Bxc3 15.
Nxg6 hxg6 16. bxc3 Qc7 17. Rb1 Rac8 18. Rd1 Nb6 19. Be3 Nfd7 20. Qb5 Nc5 21.
Rb4 Nbd7 22. Rbd4 a6 23. Qb4 Rfe8 24. a4 b6 25. Rd6 Re7 26. f4 e5 27. f5 Kh7
28. Bf3 Nb7 29. R6d3 Ndc5 30. Rd5 Qc6 31. Rb1 a5 32. Qb2 Nxa4 33. Qf2 Kg8 34.
Qh4 Ree8 35. Rdb5 Nd6 36. R5b3 gxf5 37. gxf5 Nxf5 0-1